Vták Emanuel

Bibliographic Details
Main Author: Tudoran, Dorin (Author)
Other Authors: Štefanko, Ondrej, 1949-2008 (Translator)
Format: Article
Language:Slovak
Subjects:

MARC

LEADER 00000nab a2200000 a 4500
001 vtls000103467
003 SK-MaSNL
005 20260303022420.0
008 111104c1981 xo 0 slo
015 |a SNBRB19rr/mm-uuuuu 
035 |a CL0113570 
040 |a SNKBUCL  |b slo  |c SNKBUCL  |e AACR2 
041 0 |a slo 
044 |a xo  |c SK 
080 |a 859.0-1  |2 1981 
100 1 |a Tudoran, Dorin  |4 aut  |9 1004317 
245 1 0 |a Vták Emanuel  |c Dorin Tudoran ; Ondrej Štefanko 
650 0 7 |a básne lyrické  |2 snkbucl  |9 403933 
655 7 |a články z novín a časopisov  |2 snkbucl  |9 267496 
655 7 |a články z odboru literárna veda a krásna literatúra  |2 snkbucl  |9 770045 
700 1 |a Štefanko, Ondrej,  |d 1949-2008  |4 trl  |9 204508 
773 0 |t Literárna príloha Smeny  |g Č. 29 (1981), s. 7 
850 |a Slovenská národná knižnica v Martine  |a MTA001 
852 |a SNK  |b KIS3GCP 
958 |a RK 
958 |a LX 
992 |a RBX 
999 |c 1628675  |d 1630605